| 000 | 00604pam a2200217 a 4500 | ||
|---|---|---|---|
| 001 | 1476404 | ||
| 005 | 20171226080445.0 | ||
| 008 | 870331s1987 mau b 001 0 eng | ||
| 010 | _a 87003644 | ||
| 020 |
_a0395355729 : _c$19.95 |
||
| 040 |
_aDLC _cDLC _dDLC |
||
| 041 | _aeng | ||
| 080 | _a330.09 GAL | ||
| 082 | 0 | 0 |
_a330.09 GAL _219 |
| 100 | 1 | _a52 | |
| 101 | _aEKO | ||
| 245 | 1 | 0 |
_aEconomics in perspective : _cJohn Kenneth Galbraith. |
| 504 | _aIncludes bibliographical references and index. | ||
| 906 |
_a7 _bcbc _corignew _d1 _eocip _f19 _gy-gencatlg |
||
| 942 |
_2ddc _cBK |
||
| 999 |
_c39415 _d39415 |
||